00326nam a2200109Ia 4500008004100000020001300041100002400054245006800078250001100146260003900157300002000196180205s9999 xx 000 0 und d a71255842 aHair, Joseph Jr, F. aMarketing research :bwithin a changing information environment a3rd ed aUSAbMc Graw Hill publishingc2006 aviii, 700 pages